Fundamentals of fibre reinforced composite materials
Saved in:
| Main Author: | |
|---|---|
| Other Authors: | |
| Format: | Book |
| Language: | English |
| Published: |
Bristol :
Institute of Physics Pub.,
c2005
|
| Series: | Series in materials science and engineering
|
| Subjects: | |
| Tags: |
Add Tag
No Tags, Be the first to tag this record!
|
MARC
| LEADER | 00000nam a2200000 i 4500 | ||
|---|---|---|---|
| 001 | 1/36100 | ||
| 008 | 061025s2005 eng d | ||
| 020 | |a 0-7503-0689-0 | ||
| 035 | |l 10085728 | ||
| 040 | |a GR-MY-UA |b gre |e aacr | ||
| 041 | 0 | |a eng | |
| 082 | 0 | |a 620.118 |2 (22) | |
| 100 | 1 | |a Bunsell, A. R. | |
| 245 | 1 | 0 | |a Fundamentals of fibre reinforced composite materials / |c A. R. Bunsell and J. Renard |
| 260 | |a Bristol : |b Institute of Physics Pub., |c c2005 | ||
| 300 | |a xii, 398 σ.; |b εικ.; |c 24 εκ. | ||
| 490 | 1 | |a Series in materials science and engineering | |
| 504 | |a Περιλαμβάνει βιβλιογραφία και ευρετήριο | ||
| 650 | 0 | 0 | |a Fibrous composites. |
| 700 | 1 | |a Renard, J. |q (Jacques) |d 1953- | |
| 830 | 0 | |a Series in materials science and engineering | |
| 852 | |a INST |b SYROS |e 20061025 |h 620.118 BUN |p 005500007578 |q 005500007578 |t BK |y 0 | ||
| 901 | |a BIBL5-2006-3 | ||
| 909 | |a Ε |b 129575 | ||
| 922 | |a 5ΕΛΗ |b 200610 |c ΒΙΒΛΙΟΘΗΚΗ ΣΥΡΟΥ |d ΜΙΧΑΛΟΠΟΥΛΟΣ | ||
| 950 | |a 188-2006-09-18 | ||
| 970 | |a ΚΟΝΤΟΥ |b ΠΑΡΑΣΚΕΥΗ |z 2006/12/21 | ||